Nommez le Pays des Capitales - Statistiques

Statistiques générales
  • Ce quiz a été pris 1 278 fois
    1 270 depuis la dernière actualisation
  • Le résultat moyen est 32 sur 36
Statistiques - réponses
Capitales Pays % Correct
Brasilia Brésil
98%
Mexico Mexique
98%
Madrid Espagne
97%
Berlin Allemagne
96%
Buenos Aires Argentine
96%
Athènes Grèce
96%
Rome Italie
96%
Bruxelles Belgique
95%
Lisbonne Portugal
95%
Amsterdam Pays-Bas
94%
Pékin/Beijing Chine
93%
Dublin Irlande
93%
La Havane Cuba
92%
New Delhi Inde
92%
Oslo Norvège
92%
Stockholm Suède
92%
Berne Suisse
91%
Kiev Ukraine
91%
Lima Pérou
90%
Bogota Colombie
89%
Séoul Corée du Sud
89%
Varsovie Pologne
89%
Santiago Chili
86%
Bangkok Thailande
86%
Prague République Tchèque
85%
Bagdag Irak
84%
Beyrouth Liban
84%
Pyongyang Coree du Nord
83%
Quito Équateur
80%
Damas Syrie
80%
Caracas Venezuela
80%
Sarajevo Bosnie-Herzégovine
79%
Téhéran Iran
79%
Kaboul Afghanistan
78%
Phnom Penh Cambodge
72%
San Jose Costa Rica
63%
Aucun quiz correspondant
Distribution des résultats
% des personnes avec chaque résultat
Percentile par nombre de réponses
Votre historique - résultats
Vous n’avez pas pris ce quiz depuis la dernière actualisation